[Event "Nikaia op-A 20th"]
[Site "Nikea"]
[Date "2012.08.28"]
[Round "4.28"]
[White "Tsiros, Fragkiskos Vlasios"]
[Black "Papadopoulos, Asterios"]
[Result "0-1"]
[WhiteElo "1897"]
[BlackElo "1726"]
[PlyCount "92"]
[EventDate "2012.08.26"]
[EventType "swiss"]
[EventRounds "9"]
[EventCountry "GRE"]
[SourceTitle "EXT 2024"]
[Source "ChessBase"]
[SourceDate "2023.10.10"]
[SourceVersion "1"]
[SourceVersionDate "2023.10.10"]
[SourceQuality "1"]

1. e4 d5 2. exd5 Nf6 3. d4 Bg4 4. f3 Bf5 5. Bb5+ Nbd7 6. c4 a6 7. Bxd7+ Qxd7 8. Ne2 0-0-0 9. 0-0 e6 10. dxe6 Qxe6 11. b3 Bd6 12. Nbc3 h5 13. Nf4 Qd7 14. Nfd5 Nxd5 15. Nxd5 Kb8 16. Be3 c6 17. Nc3 Rhe8 18. Qc1 Qe7 19. Bf2 Qc7 20. g3 h4 21. Qg5 hxg3 22. hxg3 Bh3 23. Rfe1 f6 24. Qg6 Rh8 25. c5 Bf8 26. Be3 Bxc5 27. dxc5 Bf5 28. Bf4 Qxf4 29. gxf4 Bxg6 30. Re7 Rhg8 31. Kf2 Rd2+ 32. Ke3 Rd3+ 33. Kf2 Rxc3 34. Rg1 Bh5 35. Rd1 Rxf3+ 36. Kg2 Rxb3 37. Rdd7 Rb2+ 38. Kg3 g5 39. f5 Rh8 40. Rd6 Rxa2 41. Rxf6 Ra3+ 42. Kf2 Rd8 43. Rd6 Rxd6 44. cxd6 Rf3+ 45. Kg2 Rxf5 46. d7 Kc7 0-1

[Event "Paleochora op 5th"]
[Site "Paleochora"]
[Date "2012.07.22"]
[Round "8"]
[White "Papadopoulos, Asterios"]
[Black "Nogly, Christoph"]
[Result "1/2-1/2"]
[WhiteElo "1622"]
[BlackElo "2287"]
[PlyCount "148"]
[EventDate "2012.07.16"]
[EventType "swiss"]
[EventRounds "9"]
[EventCountry "GRE"]
[SourceTitle "CBM 149 Extra"]
[Source "ChessBase"]
[SourceDate "2012.08.24"]
[SourceVersion "1"]
[SourceVersionDate "2012.08.24"]
[SourceQuality "1"]

1. e4 e5 2. Nf3 Nc6 3. Bb5 a6 4. Ba4 Nf6 5. d3 d6 6. c3 g6 7. 0-0 Bg7 8. Nbd2 0-0 9. Re1 h6 10. Nf1 b5 11. Bc2 Re8 12. Ne3 d5 13. exd5 Nxd5 14. Nxd5 Qxd5 15. Bb3 Qd6 16. Be3 Bb7 17. Qe2 Rad8 18. Rad1 Na5 19. Bc2 c5 20. Nd2 f5 21. f3 Kh7 22. Qf2 Rc8 23. Nb3 Nxb3 24. Bxb3 f4 25. Bc1 Qc6 26. Re2 g5 27. Ree1 Kh8 28. Qe2 Rf8 29. h3 Rcd8 30. Bc2 Rd6 31. c4 h5 32. Rf1 g4 33. fxg4 hxg4 34. hxg4 Rh6 35. b3 Qf6 36. cxb5 axb5 37. Qf2 Qg5 38. Rde1 Qxg4 39. Bd1 Qg5 40. Bf3 Bxf3 41. Qxf3 Qh4 42. Bb2 Rh5 43. Rc1 Bf6 44. Rxc5 Rg8 45. Rc2 Rh6 46. Bc3 Qh2+ 47. Kf2 Bh4+ 48. Ke2 Qxg2+ 49. Qxg2 Rxg2+ 50. Kd1 Rxc2 51. Bxe5+ Bf6 52. Bxf6+ Rxf6 53. Kxc2 Kg7 54. Rg1+ Kf7 55. Kd2 Ra6 56. Rf1 Rf6 57. Kc3 Ke6 58. Kd4 Kf5 59. Kc5 Ra6 60. Ra1 f3 61. Kxb5 Rd6 62. a4 Rxd3 63. Kc4 Ke4 64. a5 f2 65. Rf1 Rd4+ 66. Kc5 Rd5+ 67. Kb6 Rd6+ 68. Kc7 Rf6 69. a6 Rxa6 70. Rxf2 Kd4 71. Rc2 Ra3 72. Rc4+ Kd3 73. Rb4 Kc3 74. Rh4 Kxb3 1/2-1/2

[Event "Attica-ch U14"]
[Site "Peristeri"]
[Date "2012.04.21"]
[Round "6"]
[White "Papadopoulos, Asterios"]
[Black "Kontogiannis, Alexandros L"]
[Result "1-0"]
[WhiteElo "1593"]
[BlackElo "1401"]
[PlyCount "49"]
[EventDate "2012.04.17"]
[EventType "swiss"]
[EventRounds "7"]
[EventCountry "GRE"]
[SourceTitle "EXT 2024"]
[Source "ChessBase"]
[SourceDate "2023.10.10"]
[SourceVersion "1"]
[SourceVersionDate "2023.10.10"]
[SourceQuality "1"]

1. e4 d5 2. exd5 Qxd5 3. Nf3 Qd6 4. d4 Nf6 5. Be2 a6 6. 0-0 Nc6 7. c4 Bf5 8. a3 0-0-0 9. d5 Ne5 10. b4 Nxf3+ 11. Bxf3 Qe5 12. Qb3 e6 13. Bb2 Qf4 14. g3 Qg5 15. b5 a5 16. b6 Bc5 17. bxc7 Kxc7 18. d6+ Rxd6 19. Be5 b6 20. Nc3 Kd7 21. Bxd6 Kxd6 22. Na4 Bh3 23. Rfd1+ Kc7 24. Qb5 Bg4 25. Qc6+ 1-0

[Event "GRE-ch U18"]
[Site "Nikaia"]
[Date "2012.01.05"]
[Round "4"]
[White "Fidrilakis, Stavros"]
[Black "Papadopoulos, Asterios"]
[Result "1-0"]
[WhiteElo "1445"]
[BlackElo "1607"]
[PlyCount "113"]
[EventDate "2012.01.03"]
[EventType "swiss"]
[EventRounds "9"]
[EventCountry "GRE"]
[SourceTitle "CBM 146 Extra"]
[Source "ChessBase"]
[SourceDate "2012.02.29"]
[SourceVersion "1"]
[SourceVersionDate "2012.02.29"]
[SourceQuality "1"]

1. c4 e5 2. Nc3 d6 3. g3 Be7 4. Bg2 f5 5. d3 Nf6 6. Nf3 0-0 7. 0-0 Qe8 8. Rb1 Qh5 9. b4 f4 10. Re1 Bh3 11. Bh1 Ng4 12. Nd5 Bd8 13. b5 fxg3 14. fxg3 Nd7 15. a4 c6 16. Nc3 Ndf6 17. Qd2 h6 18. Ba3 Bb6+ 19. e3 Nd7 20. Bxd6 Rf6 21. Ne4 Rf7 22. c5 Bd8 23. Qa2 g6 24. bxc6 bxc6 25. Rb7 Qf5 26. Nh4 Bxh4 27. gxh4 Kg7 28. Qe2 Nxe3 29. Ng3 Qg4 30. Qxe3 Qxh4 31. Bxe5+ Nxe5 32. Qxe5+ Kg8 33. Rxf7 Kxf7 34. Bxc6 Rb8 35. Be8+ Kg8 36. Qd5+ Kh8 37. Qe5+ Kh7 38. Qc7+ Kh8 39. Qxb8 Qd4+ 40. Kh1 Qd5+ 41. Ne4 Kg7 42. Qxa7+ Kh8 43. Bxg6 Bd7 44. Qb8+ Kg7 45. Qd6 Qxd6 46. Nxd6 Kxg6 47. a5 Kg5 48. a6 Kf4 49. a7 Bc6+ 50. Kg1 h5 51. Re8 h4 52. a8Q Bxa8 53. Rxa8 Kg4 54. Rf8 Kh3 55. c6 Kg4 56. c7 Kh3 57. c8Q# 1-0